Combined assessment program review of the Wilkes-Barre VA medical center, Wilkes-Barre, Pennsylvania.

Bibliographic Details
Corporate Authors: United States. Department of Veterans Affairs. Office of Inspector General, United States. Department of Veterans Affairs. Office of Healthcare Inspections
Format: Government Document eBook
Language:English
Published: Washington, DC : Dept. of Veterans Affairs, Office of Inspector General, Office of Healthcare Inspections, [2011]
Subjects:
Online Access:https://purl.fdlp.gov/GPO/gpo31540

MARC

Tag First Indicator Second Indicator Subfields
LEADER 00000cam a2200000 a 4500
001 in00002782495
005 20211120170452.0
006 m o d f
007 cr cn|||||||||
008 121120s2011 dcua o f000 0 eng c
035 |a (OCoLC)ocn818787537 
040 |a GPO  |c GPO  |d MvI  |d UtOrBLW 
042 |a pcc 
043 |a n-us-pa 
049 |a WWW 
074 |a 0985-O (online) 
086 0 |a VA 1.118:11-01298-268 
088 |a 11-01298-268 
110 1 |a United States.  |b Department of Veterans Affairs.  |b Office of Inspector General. 
245 1 0 |a Combined assessment program review of the Wilkes-Barre VA medical center, Wilkes-Barre, Pennsylvania. 
264 1 |a Washington, DC :  |b Dept. of Veterans Affairs, Office of Inspector General, Office of Healthcare Inspections,  |c [2011] 
300 |a 1 online resource (i, 20 pages) :  |b color illustrations 
336 |a text  |b txt  |2 rdacontent 
337 |a computer  |b c  |2 rdamedia 
338 |a online resource  |b cr  |2 rdacarrier 
500 |a Title from title screen (viewed on Nov. 20, 2012). 
500 |a "September 1, 2011." 
500 |a "Report number 11-01298-268." 
500 |a Electronic resource. 
650 0 |a Veterans' hospitals  |z Pennsylvania. 
650 0 |a Veterans  |x Medical care  |z Pennsylvania. 
650 0 |a Veterans' hospitals  |x Evaluation. 
710 1 |a United States.  |b Department of Veterans Affairs.  |b Office of Healthcare Inspections. 
856 4 0 |u https://purl.fdlp.gov/GPO/gpo31540  |t 0 
999 |a MARS 
999 f f |s d75a9389-1ef5-33b1-8bd2-4176a5ff4f98  |i e080c0c1-73a3-39ed-b6be-ab7a20d634f4  |t 0 
952 f f |a Texas A&M University  |b College Station  |c Electronic Resources  |d Available Online  |t 0  |e VA 1.118:11-01298-268  |h Superintendent of Documents classification 
998 f f |a VA 1.118:11-01298-268  |t 0  |l Available Online